|
|
|
|
| LEADER |
00000nam a2200000 a 4500 |
| 001 |
vtls001177296 |
| 003 |
SK-MaSNL |
| 005 |
20260302021248.0 |
| 008 |
250414s1972 IT 0 slo |
| 015 |
|
|
|a SNBZSA1990
|
| 035 |
|
|
|a SNK000120296
|
| 040 |
|
|
|a SNK
|b slo
|c SNK
|e AACR2
|
| 041 |
|
|
|a slo
|
| 044 |
|
|
|a it
|c IT
|
| 080 |
|
|
|a 159.923
|2 2001
|
| 080 |
|
|
|a 27-14
|2 2001
|
| 080 |
|
|
|a 27
|2 2001
|
| 080 |
|
|
|a 27-31-185.53
|2 2001
|
| 080 |
|
|
|a (0:82-4)
|2 2001
|
| 100 |
1 |
|
|a Rahner, Hugo,
|d 1900-1968
|4 aut
|9 155707
|
| 245 |
1 |
0 |
|a Zmysel dejín
|b osobnosť a dejiny
|c Hugo Rahner ; [prekl. Ján Loydl]
|
| 250 |
|
|
|a 1. vyd.
|
| 260 |
|
|
|a Rím
|b Slovenský ústav sv. Cyrila a Metoda
|c 1972
|e Mödling
|f Missionsdruckerei St. Gabriel
|
| 300 |
|
|
|a 40 s.
|c 17 cm
|
| 366 |
|
|
|e ([10000] výt.)
|
| 490 |
1 |
|
|a Rozhľady
|v 9
|
| 600 |
1 |
7 |
|a Ježiš Kristus
|2 SNKMA
|
| 650 |
0 |
7 |
|a osobnosť
|2 SNKPH
|9 4341
|
| 650 |
0 |
7 |
|a Boh
|2 SNKPH
|9 2070
|
| 650 |
0 |
7 |
|a kresťanská viera
|2 SNKPH
|9 1712
|
| 650 |
0 |
7 |
|a zmysel dejín
|2 SNKPH
|9 515267
|
| 650 |
0 |
7 |
|a vykúpenie
|2 SNKPH
|9 22783
|
| 655 |
|
7 |
|a úvahy
|2 SNKPH
|9 29403
|
| 700 |
1 |
|
|a Loydl, Ján,
|d 1914-1995
|4 trl
|9 38940
|
| 852 |
|
|
|a Slovenská národná knižnica
|
| 954 |
|
|
|a Boh
|a viera kresťanská
|a veda
|
| 958 |
|
|
|a OND
|
| 999 |
|
|
|c 1028107
|d 1030037
|
| 952 |
|
|
|t P60, <04>, [BOOK], {604}
|a SNK
|b SNK
|y VYP
|7 0
|p 17A0062376
|o snkSD 62238 D1
|0 0
|1 0
|4 0
|d 1997-04-24
|l 0
|r 2005-01-01 00:00:00
|w 2026-02-24
|
| 952 |
|
|
|t P60, <04>, [BOOK], {604}
|a SNK
|b SNK
|y VYP
|7 0
|p 17A0062255
|o snkSD 62238 D2
|0 0
|1 0
|4 0
|d 1997-04-25
|l 0
|r 2005-01-01 00:00:00
|w 2026-02-24
|